Alteraciones del desarrollo del lenguaje y su corrección en niños de 4 a 9 años (Record no. 71618)
[ view plain ]
| 000 -CABECERA | |
|---|---|
| campo de control de longitud fija | 00579nam a2200205 a 4500 |
| 005 - FECHA Y HORA DE LA ÚLTIMA TRANSACCIÓN | |
| campo de control | 20210219153231.0 |
| 008 - ELEMENTOS DE LONGITUD FIJA--INFORMACIÓN GENERAL | |
| campo de control de longitud fija | 991125n 000 0 spa u |
| 035 ## - NÚMERO DE CONTROL DEL SISTEMA | |
| Número de control de sistema | UPN01000084977 |
| 100 1# - ASIENTO PRINCIPAL--NOMBRE PERSONAL | |
| Nombre de persona | Gaspar Jiménez, Matilde |
| 222 ## - TÍTULO CLAVE | |
| Título clave | ETHOS EDUCATIVO |
| 245 ## - MENCIÓN DE TÍTULO | |
| Título | Alteraciones del desarrollo del lenguaje y su corrección en niños de 4 a 9 años |
| 260 ## - PUBLICACIÓN, DISTRIBUCIÓN, ETC. | |
| Lugar de publicación, distribución, etc. | Morelia, México |
| 300 ## - DESCRIPCIÓN FÍSICA | |
| Extensión | 33-38 |
| 362 0# - FECHAS DE PUBLICACIÓN Y/O DESIGNACIÓN SECUENCIAL | |
| Fecha de publicación y/o designación secuencial | 2010 2a época, año 13, no. 47, ene.-abr. |
| 653 0# - TERMINO DE INDIZACION - NO CONTROLADO | |
| Término no controlado | LENGUAJE |
| 653 0# - TERMINO DE INDIZACION - NO CONTROLADO | |
| Término no controlado | NIÑOS |
| 653 0# - TERMINO DE INDIZACION - NO CONTROLADO | |
| Término no controlado | DISFASIA |
| 904 ## - ELEMENTOS DE DATOS D LOCAL, LDD (RLIN) | |
| a | AC |
| b | 022788 |
| 905 ## - TIPO DE MATERIAL | |
| Tipo de material | Articulo |
No items available.
